000 00338nam a22001457a 4500
008 230706b ||||| |||| 00| 0 eng d
020 _a9781259543470
041 _aeng
080 _2FOURTH EDITION
_a334.7
082 _a334.7MIN
100 _a23
101 _aMBE
245 _aACCOUNTING TEXT AND CASES
_cMINTZ .M S
942 _2udc
_cBK
999 _c60109
_d60109